| 000 | 01432nas a2200385 c 4500 | ||
|---|---|---|---|
| 001 | 26027 | ||
| 003 | ES-MaCES | ||
| 005 | 20250319150333.0 | ||
| 007 | cr ||||||||||| | ||
| 008 | 071009c2005 sp tr p 0 b|mul d | ||
| 017 |
_aNA 611-2006 _bDL |
||
| 022 | 0 | _a1886-0400 | |
| 035 | _aCES20070000189p | ||
| 040 |
_aES-MaCES _bspa _cES-MaCES |
||
| 245 | 0 | 0 | _aRevista española del Tercer Sector |
| 260 |
_a[Madrid] (Pza. de Oriente, 7, bajo izq. - 28013) _bFundación Luis Vives _c2005- |
||
| 300 |
_av. _c24 cm |
||
| 310 | _aCuatrimestral | ||
| 362 | 0 | _aN. 1 (oct. - dic. 2005)- | |
| 500 | _aResúmenes en español e inglés | ||
| 500 | _aDesde 2016 sólo ed. electrónica de acceso abierto | ||
| 541 | _cGratuita hasta 2014. Compra desde 2015. A partir de 2016 Gratuita porque sólo hay ed. online de libre acceso | ||
| 650 | 4 |
_afundaciones _930815 |
|
| 650 | 4 |
_aorganización sin fines de lucro _927312 |
|
| 650 | 4 |
_aeconomía social _930379 |
|
| 653 | 1 | 0 | _aAsuntos Sociales |
| 710 | 2 |
_aFundación Luis Vives _eed. _93856 |
|
| 853 | 2 | 1 |
_bn. _iAño _vc _wt |
| 856 | 4 |
_uhttps://plataforma2030.org/es/numeros-anteriores/hemeroteca-rts _ytexto completo desde n. 26 (2014) hasta n. 38 (2018) |
|
| 866 | 0 |
_a2005-2015. _zUbicación: DEPÓSITO - 55/1075 |
|
| 905 |
_1Boletín B _fP-OL _kSÍ _nRevisEspTerSec _pA + |
||
| 942 |
_2CES _cCR _h3.3. |
||
| 999 |
_c26027 _d26027 |
||